|
|
|
|
| LEADER |
00000nas a22000001a 4500 |
| 001 |
vtls010301053 |
| 003 |
SK-MaSNL |
| 005 |
20260228163143.0 |
| 008 |
110810d19521952xo mr p r 0 b0slo |
| 015 |
|
|
|a SNBDS17XX9999
|
| 015 |
|
|
|a 0083
|2 Balúnová 1945-60
|
| 038 |
|
|
|a SNKBUDS
|
| 040 |
|
|
|a SNK
|b slo
|c SNK
|e AACR2
|
| 041 |
0 |
|
|a slo
|a hun
|
| 044 |
|
|
|a xo
|c SK
|
| 080 |
|
|
|a 656.2
|2 2001
|
| 245 |
0 |
0 |
|a Budovateľ Čiernej
|b závodný časopis zamestnancov v Čiernej nad Tisou
|
| 246 |
1 |
1 |
|a Csernyő Építője
|
| 260 |
|
|
|a Čierna nad Tisou
|b ZS ROH pri žel. stanici Čierna nad Tisou
|c 1952
|
| 300 |
|
|
|a 2 čís.
|c 22 x 31 cm
|
| 310 |
|
|
|a 1x mesačne
|
| 500 |
|
|
|a Vych. v Čiernej nad Tisou mesačne
|
| 500 |
|
|
|a Red. šéfred. J. Kiršner
|
| 500 |
|
|
|a Vyd. ZS - ROH pri žel. stanici Čierna nad Tisou
|
| 500 |
|
|
|a Rozmnož. rotaprintom v záv. rozmnožovni EOR-ČSD v Košiciach
|
| 500 |
|
|
|a Obidve č. vyšli 3. aug. 1952 - maď. mut. vydaná ako č. 2
|
| 505 |
8 |
0 |
|g Roč. I. 1952 2 č. po 6 s.
|
| 650 |
0 |
7 |
|a železnice
|2 SNKPH
|9 20511
|
| 655 |
|
7 |
|a podnikové časopisy
|2 SNKBUDS
|9 265225
|
| 700 |
1 |
|
|a Kiršner, J.
|4 pbd
|9 273204
|
| 710 |
1 |
|
|a Čierna nad Tisou (Slovensko)
|b Železničná stanica
|e vydav.
|9 273205
|
| 852 |
|
|
|a SNK
|b 10000
|h ČSB 1015
|
| 999 |
|
|
|c 8950
|d 10880
|